Online
Catalog

El mundo es ancho y ajeno : (Record no. 8983)

MARC details
000 -CABECERA
campo de control de longitud fija 00562cam a22001811a 4500
001 - NÚMERO DE CONTROL
campo de control 000009220
005 - FECHA Y HORA DE LA ÚLTIMA TRANSACCIÓN
campo de control 20200929161525.0
008 - DATOS DE LONGITUD FIJA--INFORMACIÓN GENERAL
campo de control de longitud fija 750115s1941 cl 000 1 spa
040 ## - FUENTE DE LA CATALOGACIÓN
Centro catalogador/agencia de origen DO-SdBNP
Lengua de catalogación spa
Centro/agencia transcriptor BNPHU
100 1# - ENTRADA PRINCIPAL--NOMBRE DE PERSONA
Nombre de persona Alegría, Ciro,
Fechas asociadas al nombre 1909-1967.
9 (RLIN) 15510
245 13 - MENCIÓN DE TÍTULO
Título El mundo es ancho y ajeno :
Resto del título novela /
Mención de responsabilidad, etc. Ciro Alegría,.
250 ## - MENCIÓN DE EDICIÓN
Mención de edición 2a ed.
260 ## - PUBLICACIÓN, DISTRIBUCIÓN, ETC.
Lugar de publicación, distribución, etc. Santiago, Chile :
Nombre del editor, distribuidor, etc. Ercilla,
Fecha de publicación, distribución, etc. 1941.
300 ## - DESCRIPCIÓN FÍSICA
Extensión 509 p. ;
Dimensiones 22 cm.
490 01 - MENCIÓN DE SERIE
Mención de serie Cóndor
500 ## - NOTA GENERAL
Nota general "Primer premio en el concurso de novelas latinoamericanas de 1941."
830 #0 - PUNTO DE ACCESO ADICIONAL DE SERIE-TÍTULO UNIFORME
Título uniforme Cóndor
9 (RLIN) 23910
Holdings
Estado de retiro Estado de pérdida Restricciones de uso No para préstamo Código de colección Localización permanente Ubicación/localización actual Ubicación en estantería Fecha de adquisición Número de inventario Total de préstamos Signatura topográfica completa Código de barras Fecha visto por última vez Precio válido a partir de Tipo de ítem Koha Nota pública
    Préstamo interno   Raros y valiosos General General Depósito 28.09.2009 LF1   9220-10 25.06.2020 25.06.2020 Préstamo interno Perteneció a la biblioteca personal de Julio Ortega Frier.

Powered by Koha